01054nam a22001217a 4500008004100000100004500041245011300086260003200199300003600231520042400267650020900691773003200900240408b ||||| |||| 00| 0 eng d aRanade, A.M., Singh, D.P. and Kumar, S.  aInnovations in traffic management case study of Santragachi railway over bridge Kona expressway West Bengal  aThe Indian Police Journal  a69(3), Jul-Sep, 2022: p. 97-107 aThis paper attempts to provide a workable field-tested system for all congestion prone road stretches in the world where wide road changes into narrower roads. This scenario is faced by large number of traffic officers where there is a similar structural issue on road e.g. wide road meeting a narrow bridge, narrow stretches of road with installations like religious buildings, historical places etc. – Reproduced  aWorkable field-tested system, Congestion prone road stretches, Wide road, Narrower roads, Traffic officers, Structural issue, Road, Narrow bridge, Narrow stretches, Religious buildings, Historical places. aThe Indian Police Journal